000 00818cas a2200217 4500
001 L158344
008 150113n2012 eng u
035 _a(Sirsi) u158344
041 0 _aeng
110 2 _aKnight Frank
_91530
245 0 0 _aAsia Pacific Residential Review
260 _c2012-
490 0 _aAsia Pacific Residential Review
520 _aProvides an in depth look at the performance of the Asia-Pacific residential markets, examining price performance in the mainstream and prime markets, demand drivers and key themes affecting the markets across the region.
554 _aIrregular
650 2 4 _aPRIME
651 4 _aAsia Pacific
690 _aResidential property
_96266
856 4 8 _uhttps://www.knightfrank.com/research/
_zView the item free of charge at www.knightfrank.com
942 _n0
999 _c119400
_d119400